00796nam a2200241Ia 4500003000900000008004100009020001800050040001600068080002000084100002200104245008400126250001200210260004800222300001500270490004000285650002100325650004100346650002500387650001400412942000700426999001500433952010600448IN-BaIIA211028s9999 xx 000 0 eng d a0-521-24714-4 cIIA Library a523.942.33bBRA aBray, R. J.94213 4aThe solar granulationcR. J. Bray  a2nd ed. aCambridgebCambridge University Pressc1984 axvi, 256p. aCambridge astrophysics series; v. 5 aActive Sun95272 aAstronomy and Astrophysics Thesaurus aSolar Activity91424 aSun91200 cBK c8111d8111 00104070aBANbBANcGENd1985-02-21l0o523.942.33/ BRAp8948r2021-11-05w1985-02-21yBKG£ 27.50